000 00666nam a22002057a 4500
003 OSt
005 20260422040103.0
008 260422b |||||||| |||| 00| 0 eng d
020 _a0-19-518254-5
040 _aDWCL Main Lib
_cOC
082 _a428.00973 Ost85 2005
100 _aOstler, Rosemarie
245 _aDewdroppers, waldors and slackers
_c Rosemarie Ostler
260 _aNew York
_bOxford University Press
_cc2005
300 _a237 pages
_c24 cm.
650 _a1. English language - 20th century.
650 _a2. Americanisms
650 _a3. English language - 20th century - United States - Slang - Dictionaries
942 _2ddc
_cBK-CIRC
_hCirc.
_n0
999 _c9664
_d9664